000 00285nam a22001337a 4500
020 _a978-81-8266-168-4
082 _a910
_bPOT/P
100 _aPOTTEKKATT, S.K
245 _aPARYADANAM
260 _a2014
_bMATHRUBHUMI BOOKS
_cKOZHIKODE
300 _a175
520 _aNOVEL
942 _cBK
999 _c5344
_d5344